Europäische Städte – Sudden Death - Statistiken

Allgemein
  • Dieses Quiz wurde 1.715 mal gespielt
    1.113 seit der letzten Aktualisierung
  • Das Durchschnittsergebnis liegt bei 13 aus 30
Answers on the Grid
Answers color-coded by a green-red scale on the quiz's grid according to % correct below.
Berlin
München
Aachen
Neusatz
Kiew
Lemberg
Mogilev
Moskau
Krakau
Breslau
Brünn
Nitra
Banja Luka
Kranj
Mailand
St. Paul's Bay
Nizza
Angers
Valencia
A Coruña
Manchester
Larissa
Cork
Stockholm
Tampere
Bergen
Riga
Viljandi
Telsiai
Stefan Voda
Matad
Mumbai
Konan
Oran
Alexandria
Gambela
Johannesburg
Ambriz
Fulacunda
Tijuana
Sucre
Laâyoune
St. John's
Koror
Sydney
Napier
Anabar
Buenos Aires
Arica
Spanish Town
Los Angeles
Broken Arrow
Nome
Calgary
Louisville
Vreed en Hoop
Biloxi
Billings
David
Dammam
 
Antwortstatistiken
Antwort % Korrekt
Berlin
78%
Mailand
75%
München
75%
Aachen
74%
Kiew
74%
Nizza
74%
Stockholm
74%
Manchester
72%
Riga
72%
Valencia
70%
Krakau
67%
Moskau
66%
Bergen
65%
Breslau
62%
Brünn
52%
Cork
41%
Lemberg
38%
Angers
26%
A Coruña
25%
Tampere
25%
Banja Luka
21%
Neusatz
17%
Larissa
16%
Kranj
14%
Nitra
8%
Mogilev
7%
Viljandi
7%
Stefan Voda
6%
St. Paul's Bay
4%
Telsiai
3%
Keine übereinstimmenden Quizze gefunden
Verteilung der Resultate
Anzahl Personen mit jedem Resultat
Perzentil nach korrekt beantworteten Fragen
Ihre Resultats-Entwicklung
Sie haben dieses Quiz seit der letzten Aktualisierung nicht gespielt